Countries Bordering (Countries Bordering) Colombia - Statistics

General Stats
  • This quiz has been taken 93 times
  • The average score is 13 of 14
Answer Stats
Country % Correct
Chile
98%
Venezuela
98%
Argentina
97%
Brazil
97%
Paraguay
95%
Peru
95%
Ecuador
94%
Panama
94%
Bolivia
92%
Guyana
92%
Uruguay
92%
Costa Rica
91%
Suriname
91%
France
70%
No matching quizzes found
Score Distribution
Percent of People with Each Score
Percentile by Number Answered
Your Score History
You have not taken this quiz